College Football FCS Stadiums - Statistics

General Stats
  • This quiz has been taken 9 times
  • The average score is 28 of 125
Answer Stats
Team Stadium % Correct
North Dakota State Bison Fargodome
78%
Idaho Vandals Kibbie Dome
56%
Montana State Bobcats Bobcat Stadium
44%
James Madison Dukes Bridgeforth Stadium
44%
Brown Bears Brown Stadium
44%
Idaho State Bengals Holt Arena
44%
Sacramento State Hornets Hornet Stadium
44%
Indiana State Sycamores Memorial Stadium
44%
North Carolina A&T | UC Davis Aggies Aggie Stadium
33%
Cal Poly Mustangs Alex G. Spanos Stadium
33%
Delaware State Hornets Alumni Stadium
33%
Abilene Christian Wildcats Anthony Field at Wildcat Stadium
33%
Delaware Fightin' Blue Hens Delaware Stadium
33%
Southern Utah Thunderbirds Eccles Coliseum
33%
Richmond Spiders E. Claiborne Robins Stadium
33%
Penn Quakers Franklin Field
33%
Harvard Crimson Harvard Stadium
33%
Towson Tigers Johnny Unitas Stadium
33%
Tennessee State Tigers Nissan Stadium
33%
Northern Colorado Bears Nottingham Field
33%
Portland State Vikings Providence Park
33%
Eastern Washington Eagles Roos Field
33%
Weber State Wildcats Stewart Stadium
33%
Northern Arizona Lumberjacks Walkup Skydome
33%
Montana Grizzlies Washington-Grizzly Stadium
33%
New Hampshire Wildcats Wildcat Stadium
33%
Yale Bulldogs Yale Bowl
33%
William & Mary Tribe Zable Stadium
33%
North Dakota Fighting Hawks Alerus Center
22%
Maine Black Bears Alfond Stadium
22%
Colgate Raiders Andy Kerr Stadium
22%
Duquesne Dukes Arthur J. Rooney Athletic Field
22%
Central Connecticut Blue Devils Arute Field
22%
Presbyterian Blue Hose Bailey Memorial Stadium
22%
Campbell Fighting Camels Barker-Lane Stadium
22%
Albany Great Danes Bob Ford Field
22%
Florida A&M Rattlers Bragg Memorial Stadium
22%
North Alabama Lions Braly Municipal Stadium
22%
Valparaiso Crusaders Brown Field
22%
Charleston Southern Buccaneers Buccaneer Field
22%
Butler Bulldogs Bud and Jackie Sellick Bowl
22%
Bryant Bulldogs Bulldog Stadium
22%
Sacred Heart Pioneers Campus Field
22%
Bucknell Bison Christy Mathewson-Memorial Stadium
22%
Fordham Rams Coffey Field
22%
Georgetown Hoyas Cooper Field
22%
South Dakota Coyotes DakotaDome
22%
South Dakota State Jackrabbits Dana J. Dykhouse Stadium
22%
Jacksonville Dolphins D.B. Milne Field
22%
St. Francis Red Flash DeGol Field
22%
Drake Bulldogs Drake Stadium
22%
Grambling State Tigers Eddie Robinson Stadium
22%
Kennesaw State Owls Fifth Third Bank Stadium
22%
Lafayette Leopards Fisher Stadium
22%
Holy Cross Crusaders Fitton Field
22%
Lehigh Mountain Hawks Goodman Stadium
22%
UT Martin Skyhawks Graham Stadium
22%
Illinois State Redbirds Hancock Stadium
22%
Western Illinois Leathernecks Hanson Field
22%
Southeast Missouri State Redhawks Houck Stadium
22%
Morgan State Bears Hughes Stadium
22%
Houston Baptist Huskies Husky Stadium
22%
Morehead State Eagles Jayne Stadium
22%
Robert Morris Colonials Joe Walton Stadium
22%
Jacksonville State Gamecocks JSU Stadium
22%
Monmouth Hawks Kessler Field
22%
Columbia Lions Lawrence A. Wien Stadium
22%
Marist Red Foxes Leonidoff Field
22%
Rhode Island Rams Meade Stadium
22%
Dartmouth Big Green Memorial Field
22%
Bethune-Cookman Wildcats Municipal Stadium
22%
Eastern Illinois Panthers O'Brien Stadium
22%
NC Central Eagles O'Kelly-Riddick Stadium
22%
South Carolina State Bulldogs Oliver C. Dawson Stadium
22%
Prairie View A&M Panthers Panther Stadium
22%
Princeton Tigers Princeton University Stadium
22%
Davidson Wildcats Richardson Stadium
22%
Missouri State Bears Robert W. Plaster Stadium
22%
Eastern Kentucky Colonels Roy Kidd Stadium
22%
Murray State Racers Roy Stewart Stadium
22%
Southern Illinois Salukis Saluki Stadium
22%
Cornell Big Red Schoellkopf Field
22%
Youngstown State Penguins Stambaugh Stadium
22%
Tennessee Tech Golden Eagles Tucker Stadium
22%
Northern Iowa Panthers UNI-Dome
22%
Villanova Wildcats Villanova Stadium
22%
Wagner Seahawks Wagner College Stadium
22%
Norfolk State Spartans William "Dick" Price Stadium
22%
VMI Keydets Alumni Memorial Field
11%
Hampton Pirates Armstrong Stadium
11%
Sam Houston State Bearkats Bowers Stadium
11%
McNeese State Cowboys Cowboy Stadium
11%
Western Carolina Catamounts E.J. Whitmire Stadium
11%
Central Arkansas Bears Estes Stadium
11%
Chattanooga Mocs Finley Stadium
11%
Mercer Bears Five Star Stadium at the Moye Complex
11%
Austin Peay Governors Fortera Stadium
11%
Incarnate Word Cardinals Gayle and Tom Benson Stadium
11%
Wofford Terriers Gibbs Stadium
11%
Arkansas-Pine Bluff Golden Lions Golden Lion Stadium
11%
Northwestern State Demons Harry Turpin Stadium
11%
Stephen F. Austin Lumberjacks Homer Bryce Stadium
11%
Alcorn State Braves Jack Spinks Stadium
11%
The Citadel Bulldogs Johnson Hagood Stadium
11%
Stony Brook Seawolves Kenneth P. LaValle Stadium
11%
Alabama A&M Bulldogs Louis Crews Stadium
11%
Nicholls State Colonels Manning Field at John L. Guidry Stadium
11%
Jackson State Tigers Mississippi Veterans Memorial Stadium
11%
Alabama State Hornets New ASU Stadium
11%
Furman Paladins Paladin Stadium
11%
Lamar Cardinals Provost Umphrey Stadium
11%
Elon Phoenix Rhodes Stadium
11%
Mississippi Valley State Delta Devils Rice-Totten Stadium
11%
Samford Bulldogs Seibert Stadium
11%
Stetson Hatters Spec Martin Municipal Stadium
11%
Southeastern Louisiana Lions Strawberry Stadium
11%
Savannah State Tigers Ted Wright Stadium
11%
San Diego Toreros Torero Stadium
11%
Dayton Flyers Welcome Stadium
11%
East Tennessee State Buccaneers William B. Greene Jr. Stadium
11%
Howard Bison William H. Greene Stadium
11%
Southern Jaguars Ace W. Mumford Stadium
0%
Texas Southern Tigers BBVA Compass Stadium
0%
Gardner-Webb Runnin' Bulldogs Ernest W. Sprangler Stadium
0%
No matching quizzes found
Score Distribution
Percent of People with Each Score
Percentile by Number Answered
Your Score History
You have not taken this quiz